00579nam a2200169Ia 4500008004100000041000800041082001400049100003000063245010900093250000800202260004700210300000700257650002700264942000700291952009600298999001500394230711s9999||||xx |||||||||||||| ||und|| aENG a624bBU-I aBureau of Indian Standard 0aIS : 1786 1985bSpecification for high strength deformed steel bars and wires for concrete reinforcement a3rd c1985aNew DelhibBureau of Indian Standard a19 aMechanical Engineering cBK 001040708RaMCLbMCLd0000-00-00l0o624 BU-Ip7584r2023-08-17 14:01:23w2023-08-17yBK c1509d1509